Healthcare economics made easy / (Record no. 24161)
[ view plain ]
| 000 -LEADER | |
|---|---|
| fixed length control field | 00667nam a2200229 a 4500 |
| 001 - CONTROL NUMBER | |
| control field | 23915 |
| 005 - DATE AND TIME OF LATEST TRANSACTION | |
| control field | 20230823111354.0 |
| 008 - FIXED-LENGTH DATA ELEMENTS--GENERAL INFORMATION | |
| fixed length control field | 191128s2017 enk 001 0 eng |
| 020 ## - INTERNATIONAL STANDARD BOOK NUMBER | |
| ISBN | 9781907904974 |
| 040 ## - CATALOGING SOURCE | |
| Original cataloging agency | BD-DhIUB |
| Transcribing agency | BD-DhIUB |
| 100 1# - MAIN ENTRY--PERSONAL NAME | |
| Personal name | Jackson, Daniel, |
| Relator term | author. |
| 245 10 - TITLE STATEMENT | |
| Title | Healthcare economics made easy / |
| Statement of responsibility, etc | Daniel Jackson. |
| 250 ## - EDITION STATEMENT | |
| Edition statement | 2nd edition. |
| 264 #1 - | |
| -- | Banbury, Oxfordshire : |
| -- | Scion Publishing, |
| -- | [2017] |
| 300 ## - PHYSICAL DESCRIPTION | |
| Extent | viii, 135 pages ; |
| Dimensions | 24 cm |
| 336 ## - | |
| -- | text |
| -- | txt |
| -- | rdacontent |
| 337 ## - | |
| -- | unmediated |
| -- | n |
| -- | rdamedia |
| 338 ## - | |
| -- | volume |
| -- | nc |
| -- | rdacarrier |
| 500 ## - GENERAL NOTE | |
| General note | Includes index. |
| 526 ## - STUDY PROGRAM INFORMATION NOTE | |
| Department | Public Health |
| 650 #0 - SUBJECT ADDED ENTRY--TOPICAL TERM | |
| Topical term or geographic name as entry element | Medical economics. |
| Withdrawn status | Lost status | Source of classification or shelving scheme | Damaged status | Not for loan | Home library | Current library | Shelving location | Date acquired | Cost, normal purchase price | Total Checkouts | Full call number | Barcode | Date last seen | Copy number | Price effective from | Koha item type |
|---|---|---|---|---|---|---|---|---|---|---|---|---|---|---|---|---|
| Dewey Decimal Classification | Not For Loan | Library, Independent University, Bangladesh (IUB) | Library, Independent University, Bangladesh (IUB) | Reference Stacks | 01/12/2019 | 3150.00 | 362.1 J121h 2017 | 026551 | 01/12/2019 | 01 | 01/12/2019 | Books |